Hospodářská politika Československé republiky za krise přednesl ... na valné hromadě společnosti dne 26. dubna 1937 v Praze

Gespeichert in:
Bibliographische Detailangaben
1. Verfasser: Třebický, Jan
Format: Buch
Sprache:Tschechisch
Veröffentlicht: Praha Česká společnost národohospod. 1937
Schriftenreihe:Sbírka přednášek pořádaných Českou spol. národohospod. v období 1936-37 12
Tags: Tag hinzufügen
Keine Tags, Fügen Sie das erste Tag hinzu!

MARC

LEADER 00000nam a2200000 4500
001 c137895
005 20220114111610.5
041 0 |a cze 
044 |a CZ 
245 1 0 |a Hospodářská politika Československé republiky za krise  |b přednesl ... na valné hromadě společnosti dne 26. dubna 1937 v Praze  |c Jan Třebický 
264 1 |a Praha  |b Česká společnost národohospod.  |c 1937 
300 |a 19 s. 
490 1 |a Sbírka přednášek pořádaných Českou spol. národohospod. v období 1936-37  |v 12 
830 0 |a Sbírka přednášek pořádaných Českou spol. národohospod. v období 1936-37  |v 12 
100 1 |a Třebický, Jan